Independent expert determination (Record no. 115919)
[ view plain ]
| 000 -LEADER | |
|---|---|
| fixed length control field | 02154cad a22002775a 4500 |
| 001 - CONTROL NUMBER | |
| control field | L159459 |
| 008 - FIXED-LENGTH DATA ELEMENTS--GENERAL INFORMATION | |
| fixed length control field | 081030s2016 xxk f v 000 0 eng d |
| 020 ## - INTERNATIONAL STANDARD BOOK NUMBER | |
| International Standard Book Number | 9781783211753 |
| 041 0# - LANGUAGE CODE | |
| Language code of text/sound track or separate title | eng |
| 050 04 - LIBRARY OF CONGRESS CALL NUMBER | |
| Classification number | 347.41067 $2 18 |
| 110 2# - MAIN ENTRY--CORPORATE NAME | |
| Corporate name or jurisdiction name as entry element | Royal Institution of Chartered Surveyors |
| 9 (RLIN) | 4900 |
| 245 00 - TITLE STATEMENT | |
| Title | Independent expert determination |
| Medium | [electronic resource] |
| 260 ## - PUBLICATION, DISTRIBUTION, ETC. | |
| Place of publication, distribution, etc. | London |
| Name of publisher, distributor, etc. | RICS |
| Date of publication, distribution, etc. | 2016 |
| 300 ## - PHYSICAL DESCRIPTION | |
| Extent | eBook |
| 490 #0 - SERIES STATEMENT | |
| Series statement | RICS Guidance Note |
| 505 2# - FORMATTED CONTENTS NOTE | |
| Formatted contents note | 1 Introduction -- 2 The nature of expert determination -- 3 Powers and duties of the independent expert -- 4 Steps prior to appointment -- 5 Involvements and conflicts of interest -- 6 Action on appointment -- 7 Terms of engagement -- 8 Subsequent inability to act -- 9 Case management -- 10 Expert witnesses and advocates -- 11 The parties -- 12 Preliminary meeting if necessary -- 13 Establishing the facts -- 14 Points of law and other technical issues -- 15 'Documents only' expert determinations -- 16 Oral hearings in expert determinations -- 17 Independent experts' approach to evidence -- 18 Evaluating the evidence -- 19 Overlapping expert determinations -- 20 Uncooperative parties -- 21 Inspections -- 22 The determination -- 23 Contents of the determination -- 24 Fees -- 25 Costs -- 26 Events after the determination -- Bibliography |
| 520 ## - SUMMARY, ETC. | |
| Summary, etc. | Assists those who are appointed either by the President of RICS or directly by the parties to a dispute, to act as an independent expert to determine their dispute. It is also intended to assist the parties themselves and those acting for them by making them aware of the procedures likely to be followed. Effective from December 2016. |
| 520 ## - SUMMARY, ETC. | |
| Summary, etc. | Erratum: In paragraph 6.7, the final sentence incorrectly cross-references 5.10. This should be a cross-reference to 5.9. |
| 521 ## - TARGET AUDIENCE NOTE | |
| Target audience note | Advanced |
| 590 ## - LOCAL NOTE (RLIN) | |
| Local note | KA |
| 651 #4 - SUBJECT ADDED ENTRY--GEOGRAPHIC NAME | |
| Geographic name | ENGLAND AND WALES |
| 651 #4 - SUBJECT ADDED ENTRY--GEOGRAPHIC NAME | |
| Geographic name | Northern Ireland |
| 690 ## - LOCAL SUBJECT ADDED ENTRY--TOPICAL TERM (OCLC, RLIN) | |
| Topical term or geographic name as entry element | Dispute resolution |
| 9 (RLIN) | 6236 |
| 856 41 - ELECTRONIC LOCATION AND ACCESS | |
| Uniform Resource Identifier | <a href="https://www.rics.org/profession-standards/rics-standards-and-guidance/sector-standards/dispute-resolution-standards/independent-expert-determination">https://www.rics.org/profession-standards/rics-standards-and-guidance/sector-standards/dispute-resolution-standards/independent-expert-determination</a> |
| Public note | Available on RICS.org |
| 942 ## - ADDED ENTRY ELEMENTS (KOHA) | |
| Suppress in OPAC | 0 |
| Source of classification or shelving scheme | Dewey Decimal Classification |
| Withdrawn status | Lost status | Source of classification or shelving scheme | Damaged status | Not for loan | Home library | Current library | Shelving location | Date acquired | Total Checkouts | Full call number | Barcode | Date last seen | Copy number | Price effective from | Koha item type |
|---|---|---|---|---|---|---|---|---|---|---|---|---|---|---|---|
| Dewey Decimal Classification | Virtual | Virtual | Online | 25/07/2017 | ONLINE PUBLICATION | 159459-2001 | 13/04/2023 | 1 | 06/08/2019 | Online material |